000 01012nam a2200229Ia 4500
001 L232-6674
003 IT-CnALBA
008 170116s9999||||xx |||||||||||||| ||und||
040 _aIT-CnALBA
_cIT-CnALBA
041 _aITALIANO
100 _aPORTALUPPI D. ANGELO, PREVOSTO.
245 0 _aCOMMENTO ALLE BEATITUDINI.
250 _a1a ed.
260 _aROMA
_bSALES EDITRICE UN. DON. AZ. CATT. ROMA
_c1942 [1° Ed.:1942 - Ed.Ling.Originale: 1942]
300 _a224 p. (prefazione: 57)
500 _aBEATI I POVERI. MITI, VIOLENTI, DOLENTI, FAME E SETE DI GIUSTIZIA, MISERICORDIOSI, PURI DI CUORE, PACIFICI, PERSEGUITATI. BEATITUDINI DI GESÙ.
501 _aSocietà San Paolo EM - Piazza San Paolo, 14 - 12051 ALBA (CN) (non commercial uses only) ® Copyright 2017
520 _aBEATI I POVERI. MITI, VIOLENTI, DOLENTI, FAME E SETE DI GIUSTIZIA, MISERICORDIOSI, PURI DI CUORE, PACIFICI, PERSEGUITATI. BEATITUDINI DI GESÙ.
650 _aVITA E MISTERO DI CRISTO
942 _cBK
957 _71
999 _a7650
_bSI
_g Copie: 1
_c265856
_d265856